000 00751nam a22001937a 4500
999 _c194099
_d194099
005 20230216105134.0
010 _aB-746869-873 E.N.A./7.11.22
020 _a9788178442990
_c595.00
035 _aB-746869-873
037 _bK.K. Publication
082 _a307.772
100 _aBeniwal, Anju
245 _aIndian Tribes/
_bAnju Beniwal
260 _aNew Delhi
_bK.K. Publication
_c2022
270 _a4806/24,Bharat Ram Road, Daryaganj,
_bNew Delhi
_e110002
_k011-23285167
300 _avii,159p.
_c22cm(hbk)
942 _2ddc
_cEN
_mBEN
_h307.772